000
00295nam a2200133Ia 4500
005
20260328104334.0
008
260328s9999||||xx |||||||||||||| ||und||
100
_a
Mostaedi, Arian
245
0
_a
Casas /
_c
Arian Mostaedi
260
_b
Monsa
300
_a
182 p.
650
_a
CASAS
942
_c
BK
999
_c
11820
_d
11820